23区CHUNITHM設置店舗の最寄駅 - Statistics

General Stats
  • This quiz has been taken 20 times
  • The average score is 38 of 65
Answer Stats
Answer % Correct
千代田区 秋葉原
100%
千代田区 秋葉原
100%
千代田区 秋葉原
100%
千代田区 秋葉原
100%
千代田区 秋葉原
100%
千代田区 秋葉原
100%
千代田区 秋葉原
100%
千代田区 秋葉原
100%
台東区 上野
93%
台東区 上野
93%
新宿区 新宿
93%
新宿区 新宿
93%
新宿区 新宿
93%
新宿区 新宿
93%
渋谷区 渋谷
93%
渋谷区 渋谷
93%
豊島区 池袋
93%
豊島区 池袋
93%
豊島区 池袋
93%
豊島区 池袋
93%
豊島区 池袋
93%
中野区 中野
87%
中野区 中野
87%
大田区 蒲田
80%
墨田区 錦糸町
73%
墨田区 錦糸町
73%
大田区 大森
73%
杉並区 荻窪
67%
北区 赤羽
60%
北区 赤羽
60%
葛飾区 新小岩
60%
江戸川区 西葛西
60%
江戸川区 葛西
60%
江戸川区 新小岩
60%
江戸川区 西葛西
60%
江東区 亀戸
53%
新宿区 高田馬場
53%
新宿区 高田馬場
53%
葛飾区 亀有
47%
渋谷区 恵比寿
47%
杉並区 高円寺
47%
北区 王子
40%
足立区 竹ノ塚
40%
足立区 竹ノ塚
40%
豊島区 巣鴨
40%
江戸川区 船堀
33%
江戸川区 瑞江
33%
練馬区 大泉学園
33%
江東区 南砂町
27%
新宿区 飯田橋
27%
板橋区 志村三丁目
27%
新宿区 西武新宿
20%
大田区 大森海岸
20%
板橋区 成増
20%
板橋区 成増
20%
練馬区 石神井公園
20%
江東区 東京テレポート
13%
足立区 舎人公園
13%
葛飾区 京成立石
13%
目黒区 自由が丘
13%
大田区 池上
13%
板橋区 大山
13%
世田谷区 上町
7%
練馬区 中村橋
7%
豊島区 東長崎
0%
No matching quizzes found
Score Distribution
Percent of People with Each Score
Percentile by Number Answered
Your Score History
You have not taken this quiz